[Event "Leipzig VfB op 21st"]
[Site "Leipzig"]
[Date "2014.03.06"]
[Round "4"]
[White "Thesing, Ansgar"]
[Black "Gramer, Victor"]
[Result "0-1"]
[WhiteElo "1798"]
[BlackElo "1854"]
[PlyCount "78"]
[EventDate "2014.03.04"]
[EventType "tourn"]
[EventRounds "9"]
[EventCountry "GER"]
[SourceTitle "CBM 159 Extra"]
[Source "ChessBase"]
[SourceDate "2014.04.24"]
[SourceVersion "1"]
[SourceVersionDate "2014.04.24"]
[SourceQuality "1"]

1. e4 c5 2. Nc3 e6 3. g3 Nc6 4. Bg2 Nge7 5. d3 a6 6. a4 d6 7. Bg5 Qc7 8. Nge2 b6 9. 0-0 Bb7 10. b3 Rc8 11. Qd2 Nd4 12. Be3 Nec6 13. f4 Be7 14. Rac1 Bf6 15. g4 g6 16. Ng3 Bg7 17. Nd1 b5 18. Rb1 b4 19. f5 Be5 20. fxe6 Nxe6 21. Ne2 h5 22. g5 Ncd4 23. Nf4 Nxf4 24. Bxf4 Bxf4 25. Rxf4 d5 26. Rf6 dxe4 27. Bxe4 Bxe4 28. dxe4 Qe5 29. Qg2 Ne6 30. h4 c4 31. Ne3 cxb3 32. cxb3 Rc3 33. Nc4 Qc5+ 34. Kh1 0-0 35. Qf2 Rh3+ 36. Kg1 Qxf2+ 37. Rxf2 Rxh4 38. Rd1 Nxg5 39. e5 Nh3+ 0-1

[Event "Leipzig VfB op 21st"]
[Site "Leipzig"]
[Date "2014.03.05"]
[Round "2"]
[White "Siedentopf, Daniel"]
[Black "Gramer, Victor"]
[Result "1-0"]
[WhiteElo "2310"]
[BlackElo "1854"]
[PlyCount "55"]
[EventDate "2014.03.04"]
[EventType "tourn"]
[EventRounds "9"]
[EventCountry "GER"]
[SourceTitle "CBM 159 Extra"]
[Source "ChessBase"]
[SourceDate "2014.04.24"]
[SourceVersion "1"]
[SourceVersionDate "2014.04.24"]
[SourceQuality "1"]

1. d4 Nf6 2. c4 c5 3. d5 b5 4. cxb5 a6 5. bxa6 g6 6. Nc3 Bxa6 7. Nf3 d6 8. g3 Bg7 9. Bg2 0-0 10. 0-0 Nbd7 11. Rb1 Ng4 12. Bd2 Nde5 13. Nxe5 Nxe5 14. b3 Qd7 15. h3 Qa7 16. Qc2 Rfc8 17. Rfd1 Rc7 18. Be1 Rb8 19. Kh2 Bc8 20. f4 Nd7 21. e4 Nf6 22. Bf1 Bd7 23. a4 Ne8 24. Bc4 Rcb7 25. Qe2 Nc7 26. g4 Bd4 27. e5 Qa5 28. Ne4 1-0

[Event "Leipzig VfB op 21st"]
[Site "Leipzig"]
[Date "2014.03.04"]
[Round "1"]
[White "Gramer, Victor"]
[Black "Deubler, Bastian"]
[Result "1/2-1/2"]
[WhiteElo "1854"]
[BlackElo "1936"]
[PlyCount "66"]
[EventDate "2014.03.04"]
[EventType "tourn"]
[EventRounds "9"]
[EventCountry "GER"]
[SourceTitle "CBM 159 Extra"]
[Source "ChessBase"]
[SourceDate "2014.04.24"]
[SourceVersion "1"]
[SourceVersionDate "2014.04.24"]
[SourceQuality "1"]

1. c4 e5 2. g3 Nf6 3. Bg2 Nc6 4. Nc3 Bc5 5. Nf3 0-0 6. 0-0 Re8 7. e3 d5 8. d4 exd4 9. exd4 Bb4 10. cxd5 Nxd5 11. Nxd5 Qxd5 12. Ne5 Qa5 13. Nxc6 bxc6 14. Bxc6 Bh3 15. Be3 Rad8 16. a3 Bd6 17. b4 Qf5 18. Bg2 Bxg2 19. Kxg2 Be5 20. Rc1 Bxd4 21. Bxd4 Qe4+ 22. Kg1 Rxd4 23. Qa4 h5 24. Rfe1 Qxe1+ 25. Rxe1 Rxe1+ 26. Kg2 g5 27. Qxa7 Rdd1 28. Qa8+ Kg7 29. h3 g4 30. hxg4 hxg4 31. Qc6 Rg1+ 32. Kh2 Rgf1 33. Kg2 Rg1+ 1/2-1/2